Doubting Thomas (Record no. 11798)

MARC details
000 -LEADER
fixed length control field 00260nam a22000977a 4500
008 - FIXED-LENGTH DATA ELEMENTS--GENERAL INFORMATION
fixed length control field 200217b ||||| |||| 00| 0 eng d
020 ## - INTERNATIONAL STANDARD BOOK NUMBER
International Standard Book Number 057006144X
100 ## - MAIN ENTRY--PERSONAL NAME
Personal name Patterson Yvonne
9 (RLIN) 7479
245 ## - TITLE STATEMENT
Title Doubting Thomas
260 ## - PUBLICATION, DISTRIBUTION, ETC. (IMPRINT)
Place of publication, distribution, etc. USA
Name of publisher, distributor, etc. Concordia Publishing House
Date of publication, distribution, etc. 1981
Holdings
Withdrawn status Lost status Source of classification or shelving scheme Damaged status Koha normalized classification for sorting Not for loan Home library Current library Shelving location Date acquired Total Checkouts Full call number Barcode Date last seen Price effective from Koha item type
    Dewey Decimal Classification   226_000000000000000_JUNLIB   Good Samaritan School Library Good Samaritan School Library RELIGION 02/17/2020   226 JUNLIB PAT15836 02/17/2020 02/17/2020 BOOK

Powered by Koha